03618nam a2200565Ia 4500001000400000008004100004010000800045041001400053082001400067245028200081260001300363300000700376520000700383630002400390630001400414630001400428630002200442630001400464650002400478690001400502700003500516700004400551700004100595901009400636902000600730903004300736904001800779905002500797906000600822907001400828908001400842909005100856910001500907911001000922912001400932913000900946914002400955915001900979916000900998917000901007918001401016919003401030520193101064921000702995922000703002923000603009924001403015942001003029999001303039838241029s9999 xx 000 0 und d a761 aEspañol aNO APLICA 0aEvaluación de la gestión administrativa de los directores egresados del primer programa de Maestría en Gestión de Centros desarrollado en el Instituto Superior de Formación de Docente Salomé Ureña Recinto Emilio Prud` Homme de Santiago de los Caballeros 2007-2008 aSantiago a69 a30 aCompetencia Docente aEgresados aGestión aGestión Escolar aLiderazgo aGestión Educativa aElaborado easesoraBurgos , Rosas Francia eautoraRamos Acevedo, Amauri de Jesús eautoraPérez Hierro, Alba Cecilia  a{"1":"Ramos Acevedo","2":"Pérez Hierro"}b{"1":"Amauri de Jesús","2":"Alba Cecilia "} a1 a{"1":"Burgos "}b{"1":"Rosas Francia"} aMagíster en aEducación Superior a2 aNO APLICA aNO APLICA aUniversidad Autónoma de Santo Domingo (UASD) aNULLbNULL a["1"] aNO APLICA aNULL a02 de Abril de 2012 a06/07/15 11:07 aNULL aNULL aNO APLICA a["35","85","111","201","131"] aEl presente estudio trata sobre la evaluación de la Gestión Administrativa  de los Directores  Egresados del Primer Programa de Maestría de Gestión  de Centros desarrollado en el Instituto Superior de Formación Docente  Salome Ureña  Recinto Emilio Prud´Homme de Santiago de los Caballeros, 2007-2008. El mismo pretende evaluar la gestión administrativa,  así como el tipo de Liderazgo, las competencias y los lineamientos de acción utilizados por estos gerentes educativos. El diseño utilizado en este estudio corresponde al método inductivo. La población objeto en esta investigación la constituyó 38 Gerentes Educativos, 364 Docentes y 157 Personal Administrativo. En esta investigación se emplearon las técnicas del cuestionario y el análisis; se partió de una muestra de 12 directores, 156 docentes y 49 administrativos.   Los análisis  realizados indican que  46% de los docentes y administrativo afirman que el director delega autoridad al subordinado, en lo referente a la resolución de conflictos y necesidades del centro educativo, el 56% destaca puntualmente que su director resuelve de forma rápida y eficiente estos conflictos, el 91.2% de los cuestionados encasilla a su director como promotor e iniciador de los cambios e innovaciones que exige la sociedad actual, en relación al asunto de libertad y poder en las funciones que desempeñan los miembros en el plantel educativo, el 86.8% de los encuestados resalta tener en gran escala su propio espacio de desarrollo creativo en la labor que desempeña.Las evidencias muestran la plenitud de las capacidades de los gestores al dirigir los diferentes Centros Educativos luego de cursar el Primer Programa de Maestría en Gestión de Centros Educativos  desarrollado en el Instituto Superior de Formación Docente Salomé Ureña Recinto Emilio Prud´Homme  de Santiago de los Caballeros, 2007-2008.  a16 a16 a0 aNO APLICA cTesis c761d761